Music Quiz

Random Music or Lyrics Quiz
Score 0/100 Timer 08:00
3 Plays Today
% Correct
Column 1Hungry Like the Wolf
83.9%
Column 2Hungry Like the Wolf
83.9%
Column 3Hungry Like the Wolf
83.9%
Column 4Hungry Like the Wolf
83.9%
Column 1Janie's Got a Gun
82.5%
Column 2Janie's Got a Gun
82.5%
Column 3Janie's Got a Gun
82.5%
Column 4Janie's Got a Gun
82.5%
Column 1Inní mér syngur vitleysingur
78.4%
Column 2Inní mér syngur vitleysingur
78.4%
Column 3Inní mér syngur vitleysingur
78.4%
Column 4Inní mér syngur vitleysingur
78.4%
Column 1Eight Days a Week
78.3%
Column 2Eight Days a Week
78.3%
Column 3Eight Days a Week
78.3%
Column 4Eight Days a Week
78.3%
Column 1Sympathy for the Devil
78.1%
Column 2Sympathy for the Devil
78.1%
Column 3Sympathy for the Devil
78.1%
Column 4Sympathy for the Devil
78.1%
Column 1Goodbye Yellow Brick Road
77.2%
Column 2Goodbye Yellow Brick Road
77.2%
Column 3Goodbye Yellow Brick Road
77.2%
Column 4Goodbye Yellow Brick Road
77.2%
Column 1Joy to the World
76.1%
Column 2Joy to the World
76.1%
Column 3Joy to the World
76.1%
Column 4Joy to the World
76.1%
Column 1Fly Like an Eagle
74.4%
Column 2Fly Like an Eagle
74.4%
Column 3Fly Like an Eagle
74.4%
Column 4Fly Like an Eagle
74.4%
Column 1Wanted Dead or Alive
73.1%
Column 2Wanted Dead or Alive
73.1%
% Correct
Column 3Wanted Dead or Alive
73.1%
Column 4Wanted Dead or Alive
73.1%
Column 1Mo Money Mo Problems
71.2%
Column 2Mo Money Mo Problems
71.2%
Column 3Mo Money Mo Problems
71.2%
Column 4Mo Money Mo Problems
71.2%
Column 1I Fought the Law
68.1%
Column 2I Fought the Law
68.1%
Column 3I Fought the Law
68.1%
Column 4I Fought the Law
68.1%
Column 1Give Peace a Chance
61.2%
Column 2Give Peace a Chance
61.2%
Column 3Give Peace a Chance
61.2%
Column 4Give Peace a Chance
61.2%
Column 1No Sleep Till Brooklyn
55.1%
Column 2No Sleep Till Brooklyn
55.1%
Column 3No Sleep Till Brooklyn
55.1%
Column 4No Sleep Till Brooklyn
55.1%
Column 1Takin' Care of Business
54%
Column 2Takin' Care of Business
54%
Column 3Takin' Care of Business
54%
Column 4Takin' Care of Business
54%
Column 1Wouldn't It Be Nice
53.2%
Column 2Wouldn't It Be Nice
53.2%
Column 3Wouldn't It Be Nice
53.2%
Column 4Wouldn't It Be Nice
53.2%
Column 1More Than a Feeling
50.3%
Column 2More Than a Feeling
50.3%
Column 3More Than a Feeling
50.3%
Column 4More Than a Feeling
50.3%
Column 1City of Blinding Lights
46%
Column 2City of Blinding Lights
46%
Column 3City of Blinding Lights
46%
Column 4City of Blinding Lights
46%
% Correct
Column 1All Out of Love
38.8%
Column 2All Out of Love
38.8%
Column 3All Out of Love
38.8%
Column 4All Out of Love
38.8%
Column 1Runnin' Down a Dream
37.8%
Column 2Runnin' Down a Dream
37.8%
Column 3Runnin' Down a Dream
37.8%
Column 4Runnin' Down a Dream
37.8%
Column 1You Really Got Me
36.1%
Column 2You Really Got Me
36.1%
Column 3You Really Got Me
36.1%
Column 4You Really Got Me
36.1%
Column 1I Want You Back
34.5%
Column 2I Want You Back
34.5%
Column 3I Want You Back
34.5%
Column 4I Want You Back
34.5%
Column 1Keep the Car Running
30.6%
Column 2Keep the Car Running
30.6%
Column 3Keep the Car Running
30.6%
Column 4Keep the Car Running
30.6%
Column 1I'll Believe in Anything
24.8%
Column 2I'll Believe in Anything
24.8%
Column 3I'll Believe in Anything
24.8%
Column 4I'll Believe in Anything
24.8%
Column 1Let the Drummer Kick
24%
Column 2Let the Drummer Kick
24%
Column 3Let the Drummer Kick
24%
Column 4Let the Drummer Kick
24%
Column 1Love and Some Verses
17.3%
Column 2Love and Some Verses
17.3%
Column 3Love and Some Verses
17.3%
Column 4Love and Some Verses
17.3%

You're not logged in!

Compare scores with friends on all Sporcle quizzes.
OR
Log In

Sporcle TV

Today on Sporcle TV


Watch our educational content, quiz creation guides, and fun videos on Sporcle TV.

Show Comments

Extras

Top Quizzes Today


Score Distribution

Paid Content

Your Account Isn't Verified!

In order to create a playlist on Sporcle, you need to verify the email address you used during registration. Go to your Sporcle Settings to finish the process.

Report this User

Report this user for behavior that violates our Community Guidelines.

Details: